00636nam a2200133Ia 4500008004100000100002700041245011000068245017600178260005300354260000900407300001000416650001500426856006100441170221s9999 xx 000 0 und d aLiudmila A. Rapatskaia aManagement of Students Professional Competencies Formation on the basis of Interdisciplinary Integration  cLiudmila A. Rapatskaia, Elena V. Alekseeva, Elvira M. Vorontsova, Valentina V. Konstantinova, Aida G. Sadykova, Konstantin B. Tumarov, Anna S. Streltsova, Fedor F. Timirov bInternational Review of Management and Marketing c2012 a7 : 2 xMarketing. uhttp://www.econjournals.com/index.php/irmm/issue/view/71